A history of modern poetry (Record no. 2332)

MARC details
000 -LEADER
fixed length control field 01002 a2200253 4500
010 ## - LIBRARY OF CONGRESS CONTROL NUMBER
LC control number ENG-85406
020 ## - INTERNATIONAL STANDARD BOOK NUMBER
International Standard Book Number 8190340352
Terms of availability 585.00
035 ## - SYSTEM CONTROL NUMBER
System control number EN-68939
037 ## - SOURCE OF ACQUISITION
Source of stock number/acquisition D.B.Act / Pub
082 14 - DEWEY DECIMAL CLASSIFICATION NUMBER
Classification number 881.09
090 ## - LOCALLY ASSIGNED LC-TYPE CALL NUMBER (OCLC); LOCAL CALL NUMBER (OCLC)
-- 2373
-- 2373
100 1# - MAIN ENTRY--PERSONAL NAME
Personal name Perkins, David
245 12 - TITLE STATEMENT
Title A history of modern poetry
Statement of responsibility, etc by David Perkins.
Remainder of title from the 1890s to the high modernist mode
260 ## - PUBLICATION, DISTRIBUTION, ETC. (IMPRINT)
Place of publication, distribution, etc New Delhi
Name of publisher, distributor, etc ABS Publishers & Distributors
Date of publication, distribution, etc 2006
270 ## - ADDRESS
Address E-9, Jangpura Extn.
City New Delhi
Postal code 110 014
300 ## - PHYSICAL DESCRIPTION
Extent xv, 623 p.
Dimensions 21 cm. (Pbk.)
650 #0 - SUBJECT ADDED ENTRY--TOPICAL TERM
Topical term or geographic name as entry element English poetry
Chronological subdivision 20th century
General subdivision History and criticism.
650 #0 - SUBJECT ADDED ENTRY--TOPICAL TERM
Topical term or geographic name as entry element American poetry
Chronological subdivision 20th century
General subdivision History and criticism.
650 #0 - SUBJECT ADDED ENTRY--TOPICAL TERM
Topical term or geographic name as entry element English poetry
Chronological subdivision 19th century
General subdivision History and criticism.
650 #0 - SUBJECT ADDED ENTRY--TOPICAL TERM
Topical term or geographic name as entry element American poetry
Chronological subdivision 19th century
General subdivision History and criticism.
650 #0 - SUBJECT ADDED ENTRY--TOPICAL TERM
Topical term or geographic name as entry element Modernism (Literature)
Geographic subdivision English-speaking countries.
942 ## - ADDED ENTRY ELEMENTS (KOHA)
Institution code [OBSOLETE] dpl
Koha item type English Books
Call number prefix 881.09 / PER
Holdings
Withdrawn status Lost status Source of classification or shelving scheme Damaged status Not for loan Collection code Home library Current library Source of acquisition Cost, normal purchase price Total Checkouts Full call number Barcode Date last seen Copy number Uniform Resource Identifier Cost, replacement price Price effective from Koha item type
    Dewey Decimal Classification   Not For Loan Non-fiction D.B.Act.Division D.B.Act.Division DBAD/PUB 585.00   881.09 EN-68939 15/09/2008 1 2474 585.00 15/09/2008 English Books

© Delhi Public Library
Hit Counter
free hit counter